Particular Features of Computing English / Computer

Đã lưu trong:
Sonraí Bibleagrafaíochta
Príomhúdar: Lê Cảnh Dương
Formáid: Neamhaithnid
Teanga:English
Foilsithe: 1997.
Ábhair:
Clibeanna: Cuir Clib Leis
Gan Chlibeanna, Bí ar an gcéad duine leis an taifead seo a chlibeáil!
Thư viện lưu trữ: Mạng thư viện Đại học Đà Nẵng
LEADER 01122na a2200325 4500
001 000031902
003 7491
005 20230218093839.0
008 151001s1997 000 eng
040 |a LNN 
041 |a eng 
082 |a 420.004  |b LÊ-D  |2 Computer 
100 |a Lê Cảnh Dương 
245 0 |a Particular Features of Computing English /  |c Lê Cảnh Dương  |n Computer 
260 |c 1997. 
300 |a 50tr. : mh ; 30cm. 
650 |a Particular Features of Computing English, Computer, technolory, 2005, 50tr 
852 |c Luận văn sinh viên 
OWN |a LNN 
AVA |a UDN50  |b LNN  |c English  |d 420.004 LÊ-D  |e available  |t Error 5001 Not defined in file expand_doc_bib_avail.  |f 1  |g 0  |h N  |i 0  |j AN  |k 1 
999 |a From the UDN01 
AVA |a UDN50  |b LNN  |c English  |d 420.004 LÊ-D  |e available  |t Error 5001 Not defined in file expand_doc_bib_avail.  |f 1  |g 0  |h N  |i 0  |j AN  |k 1 
TYP |a Printed language 
980 |a Mạng thư viện Đại học Đà Nẵng